000
00461nam a2200169Ia 4500
008
100122s9999 xx 000 0 und d
082
_b
68338
_a
BM823
100
_a
कोको यूजिन
245
_a
पिनोछीओ
250
_a
1
260
_b
शेठ पब्लिशिंग
_c
2000
300
_a
25
630
_a
पिनोछीओ
700
_a
राजे प्रभा
730
_a
पिनोछीओ
942
_c
BOOK
999
_c
440034
_d
440031